Understanding international social work : a critical analysis (Record no. 85658)

MARC details
000 -LEADER
fixed length control field 00691nam a2200217Ia 4500
008 - FIXED-LENGTH DATA ELEMENTS--GENERAL INFORMATION
fixed length control field 191130s2010##################000#0#eng##
020 ## - INTERNATIONAL STANDARD BOOK NUMBER
ISBN 9780230219595
082 ## - DEWEY DECIMAL CLASSIFICATION NUMBER
Classification number 361.3 HUG
100 ## - MAIN ENTRY--AUTHOR NAME
Personal name Hugman, Richard
245 ## - TITLE STATEMENT
Title Understanding international social work : a critical analysis
Statement of responsibility, etc Richard Hugman
260 ## - PUBLICATION, DISTRIBUTION, ETC. (IMPRINT)
Place of publication Basingstoke, Hampshire
Name of publisher Palgrave Macmillan
Year of publication c2010
300 ## - PHYSICAL DESCRIPTION
Number of Pages xii, 194 p. ; 24 cm
500 ## - GENERAL NOTE
General note Includes bibliographical references (p. 168-187) and index
650 ## - SUBJECT ADDED ENTRY--TOPICAL TERM
Topical Term Social service
Topical Term Social service - Case studies
991 ## -
-- 333713
Holdings
Withdrawn status Lost status Damaged status Not for loan Home library Current library Shelving location Date acquired Full call number Accession Number Price effective from Koha item type
        Anna Centenary Library Anna Centenary Library 4TH FLOOR, A WING 09.10.2020 361.3 HUG 305274 09.10.2020 English Books

Find us on the map